| 000 -LEADER |
| fixed length control field |
00638cam a22002411 4500 |
| 001 - CONTROL NUMBER |
| control field |
8419031 |
| 005 - DATE AND TIME OF LATEST TRANSACTION |
| control field |
20180105042823.0 |
| 008 - FIXED-LENGTH DATA ELEMENTS--GENERAL INFORMATION |
| fixed length control field |
720104s1959 nyua b 001 0 eng |
| 010 ## - LIBRARY OF CONGRESS CONTROL NUMBER |
| LC control number |
59010997 |
| 035 ## - SYSTEM CONTROL NUMBER |
| System control number |
(OCoLC)190679 |
| 040 ## - CATALOGING SOURCE |
| Original cataloging agency |
DLC |
| Transcribing agency |
ODaWU |
| Modifying agency |
OCoLC |
| -- |
DNLM |
| -- |
DLC |
| 041 ## - LANGUAGE CODE |
| Language code of text/sound track or separate title |
eng |
| 042 ## - AUTHENTICATION CODE |
| Authentication code |
premarc |
| 060 0# - NATIONAL LIBRARY OF MEDICINE CALL NUMBER |
| Classification number |
BF 38 |
| Item number |
M272L 1959 |
| 080 ## - UNIVERSAL DECIMAL CLASSIFICATION NUMBER |
| Universal Decimal Classification number |
150.14 MAN |
| 082 ## - DEWEY DECIMAL CLASSIFICATION NUMBER |
| Classification number |
150.14 MAN |
| 100 1# - Rafti |
| Rafti |
48 |
| 101 ## - Shkurtesa |
| Shkurtesa |
PSI |
| 245 14 - TITLE STATEMENT |
| Title |
The language of psychology |
| Statement of responsibility, etc |
[by] George Mandler [and] William Kessen. |
| 504 ## - BIBLIOGRAPHY, ETC. NOTE |
| Bibliography, etc |
Includes bibliography. |
| 906 ## - LOCAL DATA ELEMENT F, LDF (RLIN) |
| a |
7 |
| b |
cbc |
| c |
oclcrpl |
| d |
u |
| e |
ncip |
| f |
19 |
| g |
y-gencatlg |
| 942 ## - ADDED ENTRY ELEMENTS (KOHA) |
| Source of classification or shelving scheme |
|
| Item type |
Books |